| 000 | 01476pam a2200385 a 4500 | ||
|---|---|---|---|
| 001 | 1616249 | ||
| 003 | OSt | ||
| 005 | 20140310184443.0 | ||
| 008 | 950630s1996 nyuab j 000 0 eng | ||
| 010 | _a 95031084 | ||
| 020 | _a0439367549 | ||
| 040 |
_aDLC _cDLC _dDLC |
||
| 042 | _alcac | ||
| 043 | _an-us-ak | ||
| 050 | 0 | 0 |
_aSF 440.15.W47 _b.W66 2001 |
| 100 | 1 |
_aWood, Ted. _927601 |
|
| 245 | 1 | 0 |
_aIditarod dream : _bDusty and his sled dogs compete in Alaska's Jr. Iditarod / _cTed Wood. |
| 260 |
_aNew York : _bWalker and Co., _c2001. |
||
| 300 |
_a48 p. : _bcol. ill. ; _c20 cm. |
||
| 521 | _aG6 | ||
| 526 | _c890 | ||
| 600 | 1 | 0 |
_aWhittemore, Dusty _xJuvenile literature. _927602 |
| 600 | 1 | 1 |
_aWhittemore, Dusty. _927603 |
| 650 | 0 |
_aJunior Iditarod Trail Sled Dog Race, Alaska _xJuvenile literature. _927604 |
|
| 650 | 0 |
_aMushers _zAlaska _xBiography _xJuvenile literature. _927605 |
|
| 650 | 1 |
_aMushers. _927606 |
|
| 650 | 1 |
_aJunior Iditarod Trail Sled Dog Race, Alaska. _927607 |
|
| 856 | 4 | 2 |
_3Contributor biographical information _uhttp://www.loc.gov/catdir/enhancements/fy0601/95031084-b.html |
| 856 | 4 | 2 |
_3Publisher description _uhttp://www.loc.gov/catdir/enhancements/fy0601/95031084-d.html |
| 906 |
_a7 _bcbc _corignew _d1 _eocip _f19 _gy-gencatlg |
||
| 942 |
_2lcc _cBK-SCHOLAS |
||
| 999 |
_c34481 _d34481 |
||